Aprender juntos. La integración escolar

Збережено в:
Бібліографічні деталі
Автори: Hegarty, Seamus (Автор), Hodgson, A (Автор), Clunies Ross, L (Автор)
Формат: Книга
Мова:Іспанська
Опубліковано: Madrid Morata 1988
Серія:Colección Pedagogía. Educación Especial
Предмети:
Теги: Додати тег
Немає тегів, Будьте першим, хто поставить тег для цього запису!

MARC

LEADER 00000nam a2200000 a 4500
001 UCU3010
003 CL-VaPUC
008 960502e19880000SP |||||||||||||||||spa|d
082 0 4 |a 371.102  |b HEG  |2 21 
100 |a Hegarty, Seamus  |e author  |9 424354 
700 0 |a Hodgson, A  |e author  |9 359655 
700 0 |a Clunies Ross, L  |e author  |9 359656 
245 1 0 |a Aprender juntos. La integración escolar 
300 |a 227 p 
942 |c BK 
945 |d 19960502 00:00:00  |a rbrito 
260 |a Madrid  |b Morata  |c 1988 
650 0 |a Integración escolar  |9 312238 
650 0 |a Agrupamiento educacional  |9 351945 
650 0 |a Alumnos   |9 335074 
650 0 |a Profesores   |9 308968 
583 |a last modification  |c 19960502 00:00:00  |k Rodrigo Vera 
490 0 |a Colección Pedagogía. Educación Especial 
999 |c 247150  |d 247148 
952 |0 0  |1 0  |4 0  |6 371_102000000000000_HEG_1988  |7 0  |8 A  |9 262793  |a BIBEDU  |b BIBEDU  |d 2019-11-19  |i 3196070  |o 371.102 HEG 1988  |p 3196070  |r 2019-11-19  |w 2019-11-19  |y BK  |k EDU